BRICs: θεωρητική & εμπειρική μελέτη στη σχέση GPD και FDI : συγκριτική ποσοτική ανάλυση των BRICs με Η.Π.Α. - Ιαπωνία - Γερμανία : διπλωματική εργασία
Αποθηκεύτηκε σε:
| Κύριος συγγραφέας: | |
|---|---|
| Συγγραφή απο Οργανισμό/Αρχή: | |
| Άλλοι συγγραφείς: | |
| Μορφή: | Thesis Βιβλίο |
| Γλώσσα: | Greek |
| Δημοσίευση: |
2010
|
| Θέματα: | |
| Διαθέσιμο Online: | http://hdl.handle.net/11610/12904 |
| Ετικέτες: |
Προσθήκη ετικέτας
Δεν υπάρχουν, Καταχωρήστε ετικέτα πρώτοι!
|
MARC
| LEADER | 00000cam a2200000 i 4500 | ||
|---|---|---|---|
| 001 | 1/20835 | ||
| 008 | 120620s2010 gre d | ||
| 035 | |l 10112775 | ||
| 040 | |a GR-MY-UA |b gre |e aacr | ||
| 041 | 0 | |a gre | |
| 082 | 0 | |a 332.1754 |2 (22) | |
| 100 | 1 | |a Περδικούρης, Θεμιστοκλής. | |
| 245 | 1 | 0 | |a BRICs: θεωρητική & εμπειρική μελέτη στη σχέση GPD και FDI : |b συγκριτική ποσοτική ανάλυση των BRICs με Η.Π.Α. - Ιαπωνία - Γερμανία : διπλωματική εργασία / |c Περδικούρης Θεμιστοκλής ; επιβλέπων: Συριόπουλος Θεόδωρος |
| 260 | |c 2010 | ||
| 300 | |a 182 σ.; |c 30 εκ. | ||
| 502 | |a Διατριβή (μεταπτυχιακή) – Πανεπιστήμιο Αιγαίου, Χίος, 2010. | ||
| 504 | |a Περιλαμβάνει βιβλιογραφία | ||
| 650 | 0 | 0 | |a Investments. |
| 650 | 0 | 0 | |a Capital market. |
| 650 | 0 | 0 | |a Money market. |
| 650 | 0 | 0 | |a Stocks. |
| 650 | 0 | 0 | |a Portfolio management. |
| 650 | 0 | 0 | |a Dissertations, Academic |z Greece. |
| 700 | 1 | |a Συριόπουλος, Θεόδωρος. |4 ths | |
| 710 | 1 | |a Πανεπιστήμιο Αιγαίου |b Σχολή Επιστημών της Διοίκησης |b Τμήμα Ναυτιλίας και Επιχειρηματικών Υπηρεσιών |b Πρόγραμμα Μεταπτυχιακών Σπουδών "Ναυτιλία, Μεταφορές και Διεθνές Εμπόριο - ΝΑ.Μ.Ε.". | |
| 852 | |a INST |b CHIOS |c DIATR |e 20120620 |h 332.1754 ΠΕΡ |p 005200031393 |q 005200031393 |t MTXE |y 23 | ||
| 852 | |a INST |b CHIOS |c DIATR |e 20120620 |h 332.1754 ΠΕΡ |p 005200031394 |q 005200031394 |t MTXE |y 23 | ||
| 856 | |u http://hdl.handle.net/11610/12904 | ||
| 901 | |a BIBL2-2012-2 | ||
| 909 | |a Χ |b 149114 | ||
| 909 | |a Χ |b 149117 | ||
| 924 | |a Περδικούρης |b Θεμιστοκλής |y Χίος |z 2010-09 | ||
| 970 | |a Παροικάκη |b Βασιλική |z 2012/06/20 | ||